| 000 | 00503nam a2200145Ia 4500 | ||
|---|---|---|---|
| 008 | 180921t xxu||||| ||||o00| 0 eng d | ||
| 041 | _aeng | ||
| 080 | _aThe Ordinances Of Ceylon 1946 | ||
| 245 | _aordinance No.54 of 1946. An ordinance To Amend The Companies ordinance,No.51 of 1938.[ Date of Governor's Assent : November 26,1946.] [ Date of Governor's Assent : November 26,1946 ] | ||
| 300 | _a23 cm | ||
| 650 | _aCompanies | ||
| 942 | _cBK | ||
| 999 |
_c50319 _d50319 |
||
| 003 | LK-CoDNM | ||
| 040 |
_aLK-CoDNM _dLK-CoDNM _eLK-CoDNM |
||